000 01250 a2200229 4500
008 090609t xxu||||| |||| 00| 0 hin d
010 _a
020 _a8188162132
_c200.00
035 _aB-199121
037 _bहर्षिता प्रकाशन
040 _adpl
_bHIN
082 _a371.425
100 _aमनीष कुमार
_945489
245 _aविज्ञान के क्षेत्र में कैरियर /
_cमनीष कुमार एवं सर्वेश मिश्र
260 _aदिल्ली
_bहर्षिता प्रकाशन
_c2006
270 _aई-11/5, कृष्णनगर
_bदिल्ली
_cदिल्ली
_e110051
300 _a160पृ
_c22 सेमी (सजिल्द)
700 _aमिश्र, सर्वेश
_945490
942 _adpl
_cHN
_k / मनीष
_2ddc
_h371.425
_m मनीष
999 _c65367
_d65367